Datum a čas kvízu

26.5 Celkem bodů Celkový počet nahraných bodů na tomto kvízu bez doplňovacích otázek.
6. Pořadí na kvízu Konečné umístění týmu na tomto kvízu.

Zaznamenané odpovědi

# Otázka Odpověď Body Výsledky
1. V Olomouci se objevil případ m... na sušáku na prádlo (na klepači na koberce) 0
2. Který významný den jsme mohli... B 1
3. Počátkem týdne jsme se dozvědě... Katy Perry; Justin Trudeau 1
4. Která technologická společnost... Apple 0
5. Minulý týden se na internetu o... Manchester United 0
6. Asijská poušť Karakum, uprostř... Turkmenistán 1
7. Uveďte, kterým čtyřpísmenným p... vádí 0
8. Vyberte, se kterým živočichem... B 1
9. Vojáci Československého pěšího... Tobruk 1
10. Britský umělec Gordon Sumner s... Sting 1